00970nabaa22001817a 4500003000400000005001700004008004100021040000700062100002600069245007900095300001500174505032900189505008900518650002700607650002700634650001500661773011200676OSt20260122205833.0190701b xxu||||| |||| 00| 0 spa d cPJ aCassagne, Juan Carlos13aEl contrato público y sus principios cardinales /bJuan Carlos Cassagne. ap. 138-148 aSumario: I. Liminar.— II. Los dilemas clásicos de la contratación pública.— III. La influencia de la globalización.— IV. La injerencia de la potestad reglamentaria en la contratación pública.— V. Peculiaridadesque exhibe la teoría del contrato administrativo.— VI. Reflexiones a modo de conclusión. t¿Te interesa el texto completo? Comunicate al correo: koha@justierradelfuego.gov.ar 0aDERECHO ADMINISTRATIVO 0aADMINISTRACION PUBLICA 0aCONTRATOS 0 02842dBuenos Aires : AbeledoPerrot, 2012-oDA121tDerecho administrativo. Nº 147 mayo/junio 2023z18510590